Statistics for Top 10 Chelsea Goalscorers

Click here to take the quiz!

General Stats

  • This quiz has been taken 2,421 times
  • The average score is 3 of 10

Answer Stats

PlacePlayer# Goals% Correct
3Frank Lampard182
96%
4Didier Drogba151
96%
1Bobby Tambling202
36%
=5Peter Osgood150
34%
2Kerry Dixon193
24%
7Jimmy Greaves132
20%
=5Roy Bentley150
9%
8George Mills125
4%
9George Hilsdon108
4%
10Barry Bridges93
3%

Score Distribution

Percentile by Number Answered

Percent of People with Each Score

Your Score History

You have not taken this quiz